Score 0/12 Timer 01:00
0 Plays Today
% Correct
Arnold Schwarzenegger
91.1%
Ronald Reagan
90.6%
Magic Johnson
86.4%
George Foreman
82.4%
Andrea Bocelli
71.8%
Al Franken
64.8%
Martha Stewart
62.7%
David Letterman
62.3%
Walt Disney
60%
Harrison Ford
59%
Steve Buscemi
41%
Patrick Dempsey
35.5%

Today's Daily Dose

You're not logged in!

Compare scores with friends on all Sporcle quizzes.
OR
Log In

Sporcle TV

Today on Sporcle TV


Watch our educational content, quiz creation guides, and fun videos on Sporcle TV.

Show Comments

Extras

Top Quizzes Today


Score Distribution

Paid Content

Your Account Isn't Verified!

In order to create a playlist on Sporcle, you need to verify the email address you used during registration. Go to your Sporcle Settings to finish the process.

Report this User

Report this user for behavior that violates our Community Guidelines.

Details: